Statistics for Switching Subjects

Click here to take the quiz!

General Stats

  • This quiz has been taken 3 times
  • The average score is 9 of 15

Answer Stats

QuestionAnswer% Correct
Which external organ lets you blow out this air?Mouth
100%
What do ladies like to put on these organs?Lipstick
100%
Where was he from?Germany
100%
What alcohol does this country like a lot?Beer
100%
What's the holiday in Germany to celebrate this liquor?Oktoberfest
100%
What is 1 in Roman Numerals?I
100%
Which U.S. State, nicknamed "The Hawkeye State", starts with this letter?Iowa
100%
Which crop does this state make a lot of? (140 billion lbs, 63.5 kg)Corn
100%
Which country was this crop originally from?Mexico
67%
Which instrument do you play by blowing air through a tube, generally made of plastic?Kazoo
33%
The mineral in that brand name has a hardness of 10 on what scaleMohs
33%
What is the most expensive brand of this product?Diamond's Lipstick
0%
Which person was this scale named after?Friedrich Mohs
0%
How many times has this holiday been celebrated?185
0%
What is this number in Roman Numerals?CLXXXV
0%

Score Distribution

Percentile by Number Answered

Percent of People with Each Score

Your Score History

You have not taken this quiz